000
00289nam a2200097Ia 4500
001
644544
005
20250826153607.0
008
250824s9999 xx 000 0 und d
245
0
_a
ŞİRİN KENDİMİ DURDURAMIYORUM 3 HIRSIZLAR BİZDEN KAÇAMAZ
_c
BİRSEN EKİM ÖZEN
260
_b
TİMAŞ ÇOCUK
999
_c
644544
_d
644544